Score 0/25 Timer 05:00
0 Plays Today
% Correct
Albert Einstein, Elsa Einstein and Charlie Chaplin
95.9%
Marilyn Manson and Will Smith
95.7%
Freddie Mercury and Michael Jackson
94.6%
Paul McCartney and Paul Rudd
94.5%
Warren Buffett, Bill Gates and Ludacris
94.4%
Snoop Dogg and David Beckham
90.6%
Jay-Z, Rashida Jones, Kanye, Biebs, Kid Cudi, Tyler the Creator & Aziz Ansari
90%
Arnold Schwarzenegger and Shaquille O'Neal
86.2%
Will Ferrell and Bear Grylls
85%
Quentin Tarantino, Tilda Swinton and Marilyn Manson
85%
Woody Allen and Michael Jackson
83.3%
Fred Rogers and the Dalai Lama
82.7%
Chuck Berry and Mick Jagger
79.9%
% Correct
Justin Timberlake and Ryan Gosling
78.5%
Jim Parsons and Rihanna
78%
Rowan Atkinson and Christian Bale
77.9%
Redd Foxx, Eddie Murphy, Sidney Poitier, Bill Cosby and Richard Pryor
76.9%
Leonard Nimoy and Jimi Hendrix
76.8%
Jeff Goldblum, Jane Lynch and Zooey Deschanel
76%
Al Pacino and Christopher Walken
75.8%
Weird Al and Run DMC
75.6%
Gerald Ford and Pele
74.7%
Stephen Colbert and Stephen King
74.6%
Bill Nye, Scott Adsit and Neil deGrasse Tyson
56.3%
Hunter S. Thompson, John Cusack, Johnny Depp & a blow-up doll
42.4%
Remove Ads.
Support Sporcle.
Get the best of Sporcle when you Go Orange. This ad-free experience offers more features, more stats, and more fun while also helping to support Sporcle. Thank you for becoming a member.

You're not logged in!

Compare scores with friends on all Sporcle quizzes.
OR
Log In

Show Comments

Extras

Top Quizzes Today


Score Distribution

Your Account Isn't Verified!

In order to create a playlist on Sporcle, you need to verify the email address you used during registration. Go to your Sporcle Settings to finish the process.

Report this User

Report this user for behavior that violates our Community Guidelines.

Details: